S hospodárstvom porastie aj reklamný biznis
Predpoklad zotavovania sa globálneho reklamného biznisu po trojročnej neúspešnej bilancii. Dôvodom je očakávaný globálny rast hospodárstva. Postupné vyrovnávanie sa s hrozbou islamského terorizmu. Vzrast objemu výdavkov na reklamu. Reklama v USA a niektorých európskych krajinách. Boom zaznamenáva r...
Salvato in:
| Autore principale: | |
|---|---|
| Natura: | Capitolo di libro |
| Lingua: | slovacco |
| Soggetti: | |
| Tags: |
Nessun Tag, puoi essere il primo ad aggiungerne!!
|
MARC
| LEADER | 00000naa$a2200000$$$4500 | ||
|---|---|---|---|
| 001 | 0008730 | ||
| 005 | 20231009074525.3 | ||
| 041 | 0 | |a slo | |
| 044 | |a SK | ||
| 245 | 1 | 0 | |a S hospodárstvom porastie aj reklamný biznis |c aut. František Múčka |
| 520 | |a Predpoklad zotavovania sa globálneho reklamného biznisu po trojročnej neúspešnej bilancii. Dôvodom je očakávaný globálny rast hospodárstva. Postupné vyrovnávanie sa s hrozbou islamského terorizmu. Vzrast objemu výdavkov na reklamu. Reklama v USA a niektorých európskych krajinách. Boom zaznamenáva reklama v Číne. | ||
| 610 | 2 | 0 | |a reklama |
| 610 | 2 | 0 | |a oživenie |
| 610 | 2 | 0 | |a rast hospodársky |
| 610 | 2 | 0 | |a terorizmus |
| 610 | 2 | 0 | |a výdavky |
| 610 | 2 | 0 | |a svet |
| 100 | 1 | |a Múčka, František | |